000 00305nam a22001337a 4500
008 170630b xxu||||| |||| 00| 0 eng d
020 _a0393957381
041 _aeng
080 _a821
100 _a22
101 _aGJL
245 _aTHE NORTON ANTHOLOGY OF NORTON LITERATURE
_cBAYM, N
942 _2udc
_cBK
999 _c19678
_d19678